00882nam a2200229Ia 4500008004100000020002000041040001400061082002000075100002600095245006100121250001000182260005100192300001700243365002800260366000900288505001000297530006000307536002800367620013500395630006100530730006100591100315s9999 xx 000 0 und d a81-259-0538-3  cENGLISH  b3341 a658.8  a"RAMESH KUMAR , S . " aMARKETING NUGGETS : CONCEPTUAL DIMENSIONS IN MARKETING . a1st  aNEW DELHI bVIKAS PUBLISHING HOUSE  c1998  a"XI,362P  " eRupees d1 b335.75  f15  gDBH  bRESEARCH BOOK CENTRE 494/16-09-1999 a494/16-09-1999  a01/04/1999-31/03/2000  a"CHANGING MARKETING SCENARIO, PRODUCT ,MARKETING,BRAND LINKAGES,BEHAVIORAL DIMENTIONS OF MARKETING, CUSTOM ORIENTED STRATEGIES, " aMARKETING NUGGETS : CONCEPTUAL DIMENSIONS IN MARKETING . aMARKETING NUGGETS : CONCEPTUAL DIMENSIONS IN MARKETING .